000 00724nam a2200265Ia 4500
001 dia_3457
003 CHAP
005 20230411111706.0
008 220117s1987 xx 000 0 und d
010 _a173920
020 _a0-444-42680-9
040 _cCHAP
082 _a636.2 G7
100 _aGravert, H. O.
_950473
245 _aDayry-cattle production /
_c H. O. Gravert
260 _aAmsterdam, Holanda :
_b Elsevier,
_c1987
300 _a309 p.
440 _aWorld animal science, 3
_9154713
503 _aI.151147
650 _a1.Ganado lechero
_xproducción
_9154714
901 _a636.2 G7
902 _aM
905 _a0000001987 -USX 0000000000ENG00
942 _cLIBRO
_2ddc
999 _c173920
_d173920